| 000 | 01132cam a2200253 i 4500 | ||
|---|---|---|---|
| 001 | 17337483 | ||
| 005 | 20241021141341.0 | ||
| 008 | 120608s2012 enk b 001 0 eng | ||
| 020 | _a9780414045965 (hardback) | ||
| 020 | _a9780414023291 (paperback) | ||
| 050 | 0 | 0 |
_aKD829 _b.M4 2012 |
| 100 | 1 |
_aMegarry, Robert, _d1910-2006. |
|
| 245 | 1 | 4 |
_aThe law of real property / _cby the Rt. Hon. Sir Robert Megarry, M.A., LL.D. (Cantab.), Hon. LL.D. (Hull, Nottingham, the Law Society of Upper Canada, and London), Hon. D.U. (Essex), F.B.A. and Sir William Wade, Q.C., M.A., LL.D., Hon. Litt.D. (Cantab.), F.B.A. |
| 250 |
_aEighth edition / _bby Charles Harpum, LL.D. (Cantab.), Stuart Bridge, M.A. (Cantab.) and Martin Dixon, M.A. (Oxon), Ph. D. (Cantab.). |
||
| 260 |
_aLondon : _bSweet & Maxwell, _c2012. |
||
| 300 |
_acclxxxv, 1668 pages ; _c24 cm _bIndex |
||
| 500 | _aAt head of cover title: Megarry & Wade. | ||
| 650 | 0 |
_aReal property _zEngland. |
|
| 700 | 1 |
_aWade, William, _d1918-2004. |
|
| 700 | 1 | _aHarpum, Charles. | |
| 700 | 1 | _aBridge, Stuart. | |
| 700 | 1 |
_aDixon, Martin _q(Martin J.) |
|
| 942 |
_2lcc _cBK _eEighth Edition _n0 |
||
| 999 |
_c104 _d104 |
||